[Event "Russian Blitz Internet Cup Superfinal"]
[Site "chessassistantclub.com INT"]
[Date "2004.12.28"]
[Round "7"]
[White "Turov,M"]
[Black "Motylev,A"]
[Result "1/2-1/2"]
[WhiteElo "2543"]
[BlackElo "2651"]

1.e4 e5 2.Nf3 Nf6 3.d4 Nxe4 4.Bd3 d5 5.Nxe5 Nd7 6.Nxd7 Bxd7 7.O-O Bd6 8.Nc3 Nxc3
9.bxc3 O-O 10.Qh5 f5 11.Rb1 b6 12.Qf3 c6 13.Bf4 Qc7 14.g3 Rae8 15.Rfe1 Re4
16.Bxd6 Qxd6 17.Bxe4 fxe4 18.Qh5 Rf5 19.Qh4 Qf8 20.f4 g5 21.Qg4 Qg7 22.Kh1 Rxf4
23.Qh5 Bg4 24.Qe8+ Rf8 25.Qxc6 Qf7 26.Rf1 Bf3+ 27.Kg1 Qf5 28.c4 e3 29.Rxf3 Qxf3
30.Qxd5+ Qxd5 31.cxd5 Rc8 32.d6 Rd8 33.Re1 Rxd6 34.c3 Re6 35.Kf1 Rf6+ 36.Ke2 Rf2+
37.Kxe3 Rxa2 38.h4 gxh4 39.gxh4 Kf7 40.Ke4 Ke6 41.c4 Rh2 42.Kf4+ Kf6 43.Kg3 Rc2
44.Ra1 Rxc4 45.Rxa7 h5 46.Rd7 b5 47.Rd5 b4 48.Rxh5 Rxd4 49.Rb5  1/2-1/2

[Event "Russian Blitz Internet Cup Superfinal"]
[Site "chessassistantclub.com INT"]
[Date "2004.12.28"]
[Round "8"]
[White "Motylev,A"]
[Black "Dobrov,V"]
[Result "0-1"]
[WhiteElo "2651"]
[BlackElo "2487"]

1.e4 c5 2.Nf3 d6 3.d4 cxd4 4.Nxd4 Nf6 5.f3 a6 6.c4 e6 7.Nc3 Be7 8.Nc2 Nbd7
9.Ne3 b6 10.Bd3 Bb7 11.b3 O-O 12.Bb2 Nh5 13.O-O Nf4 14.Rc1 Ne5 15.Bb1 Bg5
16.Qd2 Qf6 17.g3 Qh6 18.gxf4 Bxf4 19.Rce1 f5 20.Qe2 Rf6 21.Rf2 Raf8 22.Nf1 Qh3
23.Nd1 Rg6+ 24.Kh1 Rg5 25.Bxe5 dxe5 26.Rg2 Rh5 27.Nf2 Qh4 28.Ne3 Bxh2 29.Nf1 Bg3+  0-1

[Event "Russian Blitz Internet Cup Superfinal"]
[Site "chessassistantclub.com INT"]
[Date "2004.12.28"]
[Round "11"]
[White "Kharlov,A"]
[Black "Motylev,A"]
[Result "1/2-1/2"]
[WhiteElo "2613"]
[BlackElo "2651"]

1.Nf3 Nf6 2.d4 g6 3.g3 Bg7 4.Bg2 d5 5.O-O O-O 6.Be3 Re8 7.Qc1 Nc6 8.Bh6 e5
9.Bxg7 Kxg7 10.dxe5 Nxe5 11.Nxe5 Rxe5 12.e3 Bf5 13.Nd2 Qd7 14.Nf3 Re7 15.Rd1 Be4
16.c4 Qc6 17.Nd4 Qxc4 18.Qxc4 dxc4 19.Rac1 Bd3 20.Bxb7 Rb8 21.Ba6 Rxb2 22.Bxc4 Bxc4
23.Rxc4 Rxa2 24.Nb5 Ne4 25.Nc3 Nxf2 26.Nxa2 Nxd1 27.e4 Ne3 28.Ra4 c6 29.Nc3 Rd7
30.h3 Rd3 31.Ne2 Rd7 32.Kf2 Nd1+ 33.Ke1 Nb2 34.Ra6 Nd3+ 35.Kf1 Nb4 36.Ra4 c5
37.Nf4 Re7 38.Ra5 a6 39.Rxc5 Rxe4 40.Rc7 h5 41.h4 a5 42.Ra7 Nc6 43.Ra6 Rc4
44.Nd5 Rc5 45.Nf4 Ne5 46.Ra7 Kf6 47.Kg2 Kf5 48.Kh3 f6 49.Ra6 Ng4 50.Ne2 Ke4
51.Re6+ Kf3 52.Nd4+ Kf2 53.Re2+ Kf1 54.Ra2 Rd5 55.Nf3 Rd3 56.Nd2+ Ke1 57.Ne4 f5
58.Ra1+ Ke2 59.Nc5 Rc3 60.Ne6 Nf2+ 61.Kg2 Nd3 62.Nd4+ Ke3 63.Ra4 Nb2 64.Rxa5 Kxd4
65.Ra6 Rc2+ 66.Kf3 Nd3 67.Rd6+ Kc3 68.Ke3 Nb4 69.Rxg6 Nd5+ 70.Kf3 Kd4 71.Rg5 Rc3+
72.Kg2 Ne3+ 73.Kf3 Ng4+ 74.Kf4 Rc2 75.Kxf5 Ne3+ 76.Kg6 Ke4 77.Kxh5 Nf5 78.g4 Ng3+
79.Kg6 Rc6+ 80.Kf7 Kf4 81.Rg8 Ne4 82.g5 Rc7+ 83.Ke6 Rc6+ 84.Kd5 Rd6+ 85.Kc4 Ng3
86.g6 Kf5 87.Rf8+ Kxg6 88.Rg8+ Kh5 89.Rxg3 Kxh4 90.Re3 Kg4 91.Re5 Kf4 92.Rd5 Rxd5
93.Kxd5  1/2-1/2

[Event "Russian Blitz Internet Cup Superfinal"]
[Site "chessassistantclub.com INT"]
[Date "2004.12.28"]
[Round "13"]
[White "Motylev,A"]
[Black "Rublevsky,S"]
[Result "1-0"]
[WhiteElo "2651"]
[BlackElo "2649"]

1.e4 c5 2.Nf3 e6 3.d4 cxd4 4.Nxd4 a6 5.Bd3 Bc5 6.Nb3 Ba7 7.Qg4 Nf6 8.Qg3 Nc6
9.Nc3 d6 10.O-O Ne5 11.Kh1 h5 12.Be2 h4 13.Qh3 Ng6 14.f4 Qc7 15.f5 Ne5 16.Bg5 Bd7
17.Rad1 O-O-O 18.Nd4 Rde8 19.fxe6 fxe6 20.Bxf6 gxf6 21.Rxf6 Kb8 22.Nf3 Nc4
23.Bxc4 Qxc4 24.Ne5 dxe5 25.Rxd7 Ref8 26.Qf3 Qc5 27.Rd1 h3 28.Rxf8+ Rxf8
29.Qxh3 Qf2 30.Qd3 Be3 31.Qe2 Qf4 32.g3 Qg5 33.Rf1 Rh8 34.Kg2 Bd4 35.Nd1 Qh6
36.h4 Qg6 37.c3 Bb6 38.Kh3 Bd8 39.Qg4 Qh6 40.Nf2 Qe3 41.Qxe6 Bxh4 42.Qxe5+ Ka7
43.Qd4+ Qxd4 44.cxd4 Bf6+ 45.Kg2 Bxd4 46.Nd3 Re8 47.Re1 Rc8 48.e5 Kb6 49.e6 Re8
50.Nf4 Kc6 51.b3 Kd6 52.Rd1 Ke5 53.Re1+ Kf5 54.Kf3 Bc3 55.g4+ Kg5 56.Re4 Bf6
57.Nd5 Bd8 58.e7 Ba5 59.Rf4 Kg6 60.Rf8 Rxe7 61.Nxe7+ Kg7 62.Rf5 Bb4 63.Nd5 Bd6
64.g5 Kg8 65.Kg4 Ba3 66.Rf6 Kg7 67.Kf5 Bb2 68.Re6 Bd4 69.Re7+ Kf8 70.g6 Bf6
71.Rf7+  1-0

[Event "Russian Blitz Internet Cup Superfinal"]
[Site "chessassistantclub.com INT"]
[Date "2004.12.28"]
[Round "14"]
[White "Vlassov,N"]
[Black "Motylev,A"]
[Result "1-0"]
[WhiteElo "2492"]
[BlackElo "2651"]

1.e4 e5 2.Bc4 Nf6 3.d3 c6 4.Nf3 d5 5.Bb3 Bb4+ 6.c3 Bd6 7.Bg5 Be6 8.d4 dxe4
9.dxe5 exf3 10.Bxf6 fxg2 11.Rg1 gxf6 12.exd6 Na6 13.Bxe6 fxe6 14.Qh5+ Kd7
15.Qf7+ Kc8 16.Qxe6+ Qd7 17.Qxd7+ Kxd7 18.Rxg2 Rhg8 19.Rg3 Kxd6 20.Nd2 Rae8+
21.Kf1 Nc5 22.Rd1 Kc7 23.b4 Na4 24.Rh3 Rg7 25.Nc4 b5 26.Na5 Re5 27.Rf3 Reg5
28.Rdd3 Rg1+ 29.Ke2 Re7+ 30.Rfe3 Rxe3+ 31.Rxe3 Kd6 32.Rd3+ Kc7 33.Rh3 Rg7
34.Kd2 Rd7+ 35.Kc2 Re7 36.Kd2 Rd7+ 37.Ke2 h5 38.c4 Rd4 39.Rxh5 bxc4 40.Rh7+ Kb6
41.Rb7+ Ka6 42.Rc7 c5 43.a3 c3 44.Nb3 Rc4 45.Nxc5+ Kb5 46.Rxa7 Nxc5 47.Ra5+ Kb6
48.Rxc5 Rh4 49.Rxc3 Rxh2 50.Rf3  1-0

[Event "Russian Blitz Internet Cup Superfinal"]
[Site "chessassistantclub.com INT"]
[Date "2004.12.28"]
[Round "16"]
[White "Sakaev,K"]
[Black "Motylev,A"]
[Result "1/2-1/2"]
[WhiteElo "2669"]
[BlackElo "2651"]

1.d4 Nf6 2.c4 g6 3.g3 Bg7 4.Bg2 O-O 5.Nf3 d6 6.O-O Nc6 7.Nc3 Rb8 8.h3 a6
9.a4 a5 10.e4 e5 11.Be3 Nd7 12.Re1 exd4 13.Nxd4 Nce5 14.b3 Nc5 15.Rb1 Ned3
16.Re2 Re8 17.Rd2 Nb4 18.Ndb5 b6 19.Bd4 Bh6 20.f4 Bb7 21.Nd5 Bxd5 22.exd5 Bg7
23.Re2 Bxd4+ 24.Nxd4 Qd7 25.Qd2 Rxe2 26.Qxe2 Re8 27.Qd2 Qe7 28.Nb5 h5 29.h4 f5
30.Bf3 Nbd3 31.Nd4 Qf6 32.Ne6 Nxe6 33.dxe6 Nc5 34.Re1 Kh7 35.Bd5 Nxe6 36.Qe3 Ng7
37.Qxe8 Nxe8 38.Rxe8 Qa1+ 39.Kg2 Qb2+ 40.Kh3 Qb1 41.Re7+ Kh8 42.Rxc7 Qxb3
43.Rc8+ Kg7 44.Rc7+ Kf8 45.Rf7+ Ke8 46.Rg7 Qxa4 47.Rxg6 Qd1 48.Rg8+ Ke7 49.Rg7+ Kf8
50.Rg8+ Ke7 51.Rg7+ Kf6 52.Rf7+ Kg6 53.Rd7 Qf1+ 54.Kh2 Qf2+ 55.Kh3 Qc5 56.Ra7 b5
57.Rxa5 Qf2 58.Rxb5 Qf1+ 59.Kh2 Qf2+ 60.Kh3 Qe2 61.Rb7 Qf1+ 62.Kh2 Qe2+ 63.Kh3 Qd1
64.Kh2 Qe2+ 65.Kh3  1/2-1/2

[Event "Russian Blitz Internet Cup Superfinal"]
[Site "chessassistantclub.com INT"]
[Date "2004.12.28"]
[Round "17"]
[White "Motylev,A"]
[Black "Grischuk,A"]
[Result "1/2-1/2"]
[WhiteElo "2651"]
[BlackElo "2704"]

1.e4 e5 2.Nf3 d6 3.d4 exd4 4.Nxd4 Nf6 5.Nc3 Be7 6.g3 d5 7.e5 Ng4 8.Bf4 g5
9.e6 h5 10.exf7+ Kxf7 11.Bc1 Bc5 12.Bg2 Nc6 13.Be3 Nxe3 14.fxe3 Bxd4 15.exd4 Re8+
16.Ne2 Kg7 17.O-O Bg4 18.Bf3 Qe7 19.Bxg4 Qe3+ 20.Kg2 hxg4 21.Nc3 Qxd4 22.Rf5 Qxd1
23.Rxd1 d4 24.Nb5 Re2+ 25.Rf2 Rxf2+ 26.Kxf2 Rf8+ 27.Kg2 Re8 28.Kf2 Rf8+ 29.Kg2 Kg6
30.Nxc7 Rf5 31.Ne6 Re5 32.Nxd4 Nxd4 33.Rxd4 Re2+ 34.Kg1 Rxc2 35.Rb4 b6 36.a4 Kf5
37.a5 bxa5 38.Rb5+ Kg6 39.Rxa5 Rxb2 40.Rxa7 Rb1+ 41.Kg2 Rb2+ 42.Kg1 Rb1+
43.Kg2 Rb2+ 44.Kg1  1/2-1/2

[Event "Russian Blitz Internet Cup Superfinal"]
[Site "chessassistantclub.com INT"]
[Date "2004.12.28"]
[Round "18"]
[White "Bareev,E"]
[Black "Motylev,A"]
[Result "1-0"]
[WhiteElo "2715"]
[BlackElo "2651"]

1.c4 Nf6 2.d4 g6 3.Nc3 Bg7 4.e4 O-O 5.h3 d6 6.Bg5 c5 7.d5 a6 8.a4 e6 9.Bd3 Nbd7
10.Nf3 exd5 11.cxd5 Re8 12.O-O h6 13.Bf4 Qc7 14.Qd2 Kh7 15.Rfe1 b6 16.Rad1 Bb7
17.b3 Rad8 18.Bh2 Ne5 19.Nxe5 dxe5 20.Nb1 Re7 21.Qe2 Qc8 22.Na3 Ne8 23.Nc4 Qc7
24.Rc1 a5 25.Rf1 Nd6 26.Rce1 Rde8 27.Kh1 Bc8 28.Qd2 Bd7 29.Nxd6 Qxd6 30.f4 exf4
31.Bxf4 Be5 32.Bxh6 f6 33.Be3 Kg7 34.Rf3 Rh8 35.Bf4 Bg4 36.Bxe5 Rxe5 37.Rg3 Rg5
38.Ree3 Qf4 39.Qe1 Rgh5 40.Kg1 Bd7 41.e5 f5 42.e6 Bc8 43.Qc3+ Qd4 44.Qxd4+ cxd4
45.Re1 Kf6 46.Bc4 Re8 47.Bb5 Re7 48.Rd3 Rh4 49.Kf2 Bb7 50.d6 Rxe6 51.Rxe6+ Kxe6
52.d7 Ke7 53.Rg3 Rh6 54.h4 Be4 55.h5 f4 56.Rg4 d3 57.Rxf4 d2 58.Ke2 Bf5 59.hxg6  1-0

[Event "Russian Blitz Internet Cup Superfinal"]
[Site "chessassistantclub.com INT"]
[Date "2004.12.28"]
[Round "19"]
[White "Motylev,A"]
[Black "Dreev,A"]
[Result "1-0"]
[WhiteElo "2651"]
[BlackElo "2698"]

1.e4 c6 2.d4 d5 3.e5 Bf5 4.Ne2 e6 5.Nf4 c5 6.g4 Be4 7.f3 Qh4+ 8.Ke2 Nc6 9.c3 Bxb1
10.Rxb1 Nge7 11.Ng2 Qh3 12.Bg5 h6 13.Nf4 Qxf1+ 14.Kxf1 hxg5 15.Ne2 Ng6 16.b4 c4
17.b5 Nd8 18.Qa4 b6 19.h3 f6 20.Qc2 Kf7 21.exf6 gxf6 22.Re1 Bd6 23.Kf2 Nb7
24.Ng3 Nf4 25.Nh5 Nd3+ 26.Kg2 Rh6 27.Re3 Rah8 28.Rxd3 cxd3 29.Qxd3 Na5 30.Re1 Nc4
31.Qe2 Re8 32.Qc2 Re7 33.a4 f5 34.Qd3 f4 35.h4 gxh4 36.Kh3 Re8 37.Kxh4 Reh8
38.Kh3 Rxh5+ 39.gxh5 Rxh5+ 40.Kg4 Rh6 41.Kg5 Kg7 42.Re2 Ne3 43.Rxe3 fxe3
44.Qxe3 Be7+ 45.Kg4 Rg6+ 46.Kh3 Bg5 47.Qe5+ Kh6 48.Qb8 Bd2 49.f4 Rf6 50.Qh8+ Kg6
51.Qg8+ Kf5 52.Qg5+  1-0

[Event "Aeroflot Open"]
[Site "Moscow RUS"]
[Date "2005.02.15"]
[Round "1"]
[White "Kotronias,V"]
[Black "Motylev,A"]
[Result "0-1"]
[WhiteElo "2585"]
[BlackElo "2665"]

1.e4 e5 2.Nf3 Nc6 3.Bb5 a6 4.Ba4 Nf6 5.O-O Nxe4 6.d4 b5 7.Bb3 d5 8.dxe5 Be6
9.Be3 Be7 10.c3 Nc5 11.Bc2 Nd7 12.Re1 Ndxe5 13.Nxe5 Nxe5 14.Bd4 Nc6 15.Bxg7 Rg8
16.Qh5 Kd7 17.Bh6 Bc5 18.Nd2 Qf6 19.Nf3 Rg4 20.Kh1 Rag8 21.Bxh7 Rxg2 22.Rxe6 fxe6
23.Bxg8 Rxg8 24.Rg1 Rxg1+ 25.Kxg1 b4 26.cxb4 Bxb4 27.Bc1 Bc5 28.Kf1 Kc8 29.Kg2 e5
30.Qg4+ Kb7 31.Bg5 Qg7 32.Qf5 e4 33.Nd2 e3 34.Nb3 Be7 35.h4 e2 36.Qe6 Bxg5
37.hxg5 Qxg5+ 38.Kf3 Qh5+ 39.Kg2 d4 40.f3 d3 41.Qe3 Kb8 42.Nc1  0-1

[Event "Aeroflot Open"]
[Site "Moscow RUS"]
[Date "2005.02.16"]
[Round "2"]
[White "Motylev,A"]
[Black "Kotsur,P"]
[Result "1/2-1/2"]
[WhiteElo "2665"]
[BlackElo "2598"]

1.e4 c5 2.Nf3 d6 3.d4 cxd4 4.Nxd4 Nf6 5.Nc3 Nc6 6.Bg5 e6 7.Qd2 a6 8.O-O-O Qb6
9.f3 Qxd4 10.Qxd4 Nxd4 11.Rxd4 Rb8 12.Bc4 b5 13.Bb3 Nd7 14.Rhd1 Nc5 15.Bh4 Bd7
16.a3 Rc8 17.Ba2 Bc6 18.Kb1 h6 19.Ne2 Nb7 20.c4 Be7 21.Bxe7 Kxe7 22.cxb5 Bxb5
23.Nc3 Bc6 24.b4 Rc7 25.Rc4 Rhc8 26.Rc1 Kd8 27.Kb2 Bd7 28.Rxc7  1/2-1/2

[Event "Aeroflot Open"]
[Site "Moscow RUS"]
[Date "2005.02.17"]
[Round "3"]
[White "Tseshkovsky,V"]
[Black "Motylev,A"]
[Result "1/2-1/2"]
[WhiteElo "2581"]
[BlackElo "2665"]

1.e4 e5 2.Nf3 Nf6 3.Nxe5 d6 4.Nf3 Nxe4 5.Nc3 Nxc3 6.dxc3 Be7 7.Be3 Nc6 8.Qd2 Ne5
9.O-O-O O-O 10.Kb1 Be6 11.Nd4 Nc4 12.Bxc4 Bxc4 13.h4 Qd7 14.b3 Ba6 15.g4 Rfe8
16.Nf5 Bf6 17.Bd4 Re2 18.Qf4 Qe6 19.Ne3 Re8 20.c4 Bxd4 21.Rxd4 Qe5 22.Rhd1 Qxf4
23.Rxf4 b6 24.Nd5 Rc8 25.Kc1 Re5 26.g5 Bb7 27.a4 Kf8 28.Rd3 Bxd5 29.cxd5 Ke7
30.Rdf3 Rf8 31.Rc4 Kd7 32.Rcf4 Ke7  1/2-1/2

[Event "Aeroflot Open"]
[Site "Moscow RUS"]
[Date "2005.02.18"]
[Round "4"]
[White "Motylev,A"]
[Black "Yermolinsky,A"]
[Result "1-0"]
[WhiteElo "2665"]
[BlackElo "2570"]

1.e4 Nf6 2.e5 Nd5 3.d4 d6 4.Nf3 Bg4 5.Be2 e6 6.O-O Be7 7.h3 Bh5 8.c4 Nb6
9.Nc3 a6 10.Be3 O-O 11.Qb3 N8d7 12.a4 dxe5 13.Nxe5 Bxe2 14.Nxe2 Nxe5 15.dxe5 Qc8
16.f4 Nd7 17.Qc3 Nc5 18.Qc2 a5 19.Nd4 f5 20.exf6 Rxf6 21.f5 e5 22.Ne2 c6
23.Ng3 Rf7 24.Kh1 Qf8 25.Rf3 e4 26.Nxe4 Rxf5 27.Bxc5 Bxc5 28.Ng5 Rxg5 29.Rxf8+ Rxf8
30.Qd2 Rgf5 31.Qxa5 Rf1+ 32.Rxf1 Rxf1+ 33.Kh2 Bd6+ 34.g3 Rf2+ 35.Kh1 Rxb2
36.Qd8+ Bf8 37.Qc8 Rb1+ 38.Kg2 g6 39.g4 c5 40.Qe6+ Kg7 41.g5 Rb4 42.Qf6+ Kg8
43.a5 Rb3 44.Kf2 Rb4 45.Ke2 Rb3 46.Kd2 Rb4 47.Qe6+  1-0

[Event "Aeroflot Open"]
[Site "Moscow RUS"]
[Date "2005.02.21"]
[Round "7"]
[White "Motylev,A"]
[Black "Sutovsky,E"]
[Result "1/2-1/2"]
[WhiteElo "2665"]
[BlackElo "2669"]

1.e4 e5 2.Nf3 Nc6 3.Bb5 Nf6 4.O-O Nxe4 5.d4 Nd6 6.Bxc6 dxc6 7.dxe5 Nf5 8.Qxd8+ Kxd8
9.Nc3 Ne7 10.h3 h6 11.b3 Bf5 12.Rd1+ Ke8 13.Nd4 Bh7 14.Nce2 Rd8 15.Bb2 Nd5
16.e6 Bc5 17.a3 Nf6 18.b4 Bb6 19.c4 c5 20.exf7+ Kxf7 21.Nf3 Rhe8 22.Ne5+ Kg8
23.Nf4 c6 24.Rxd8 Bxd8 25.bxc5 Bc7 26.Nfg6 Bxg6 27.Nxg6 Kf7 28.Nh4 Re2 29.Rb1 Ne4
30.Nf3 Rxf2 31.Bxg7 Rc2 32.Bxh6 Nxc5 33.Be3 Bb6 34.Kh2 Kg8 35.h4 Rxc4 36.Kh3 Rc3
37.Bd4 Rxa3 38.Bxc5 Bxc5 39.Rxb7 a5 40.h5 Be3 41.Kg4 Ra4+ 42.Kf5 Rf4+ 43.Ke5 Rg4
44.Kf5 Rf4+ 45.Kg6 Rg4+ 46.Kf5  1/2-1/2

[Event "Aeroflot Open"]
[Site "Moscow RUS"]
[Date "2005.02.22"]
[Round "8"]
[White "Khalifman,A"]
[Black "Motylev,A"]
[Result "1/2-1/2"]
[WhiteElo "2662"]
[BlackElo "2665"]

1.d4 d5 2.c4 c6 3.Nf3 Nf6 4.Nc3 e6 5.Bg5 h6 6.Bh4 dxc4 7.e4 g5 8.Bg3 b5 9.Be2 Bb7
10.O-O Nbd7 11.a4 b4 12.e5 g4 13.Nh4 bxc3 14.exf6 cxb2 15.Rb1 Ba6 16.Bxg4 Nxf6
17.Be2 Bg7 18.Be5 O-O 19.Nf3 Nd5 20.Qc2 Qa5 21.Bxc4 Nc3 22.Bxa6 Nxb1 23.Bd3 Nc3
24.Qxb2 c5 25.Qd2 Rac8 26.Qf4 c4 27.Qg4 f6 28.Qxe6+ Kh8 29.Bc2 fxe5 30.Nxe5 Ne2+
31.Kh1 Nf4 32.Ng6+ Nxg6 33.Qxg6 Kg8 34.Qe6+ Kh8 35.Qg6 Kg8 36.Qe6+  1/2-1/2

[Event "Aeroflot Open"]
[Site "Moscow RUS"]
[Date "2005.02.23"]
[Round "9"]
[White "Motylev,A"]
[Black "Bologan,V"]
[Result "1-0"]
[WhiteElo "2665"]
[BlackElo "2683"]

1.e4 e5 2.Nf3 Nf6 3.Nxe5 d6 4.Nf3 Nxe4 5.Nc3 Nxc3 6.dxc3 Be7 7.Be3 Nd7 8.Qd2 Ne5
9.O-O-O Nxf3 10.gxf3 Be6 11.Rg1 Bf6 12.Bd4 Kf8 13.Be3 a5 14.a4 b6 15.Bd3 Rb8
16.b3 d5 17.f4 Qd6 18.Rg3 d4 19.Bxd4 Bxd4 20.cxd4 Qxd4 21.Kb1 Rd8 22.Re1 Qf6
23.f5 Bc8 24.Qf4 Rd6 25.h4 h6 26.Qe4 Rd8 27.Qf4 Rd6 28.h5 Bd7 29.Qc4 c5 30.Qa6 Qd8
31.Ka2 Rf6 32.Bb5 Bxb5 33.Qxb5 g5 34.Rd3 Qc7  1-0

[Event "7th Open"]
[Site "Dubai UAE"]
[Date "2005.04.04"]
[Round "1"]
[White "Bosboom Lanchava,T"]
[Black "Motylev,A"]
[Result "1/2-1/2"]
[WhiteElo "2359"]
[BlackElo "2680"]

1.d4 Nf6 2.c4 g6 3.Nc3 Bg7 4.e4 d6 5.Nf3 O-O 6.Be2 Na6 7.O-O e5 8.Rb1 exd4
9.Nxd4 Re8 10.f3 c6 11.Kh1 Nh5 12.Be3 f5 13.Bf2 f4 14.Qd2 Be5 15.Kg1 Nc7
16.Rfd1 Qf6 17.Na4 Kh8 18.b4 Qg7 19.c5 d5 20.Nb2 dxe4 21.fxe4 Nf6 22.Qc2 Ng4
23.Bxg4 Bxg4 24.Nf3 Bf6 25.Nc4 Ne6  1/2-1/2

[Event "7th Open"]
[Site "Dubai UAE"]
[Date "2005.04.05"]
[Round "2"]
[White "Motylev,A"]
[Black "Ghader Pour,S"]
[Result "1-0"]
[WhiteElo "2680"]
[BlackElo "2083"]

1.e4 c5 2.Nf3 d6 3.d4 cxd4 4.Nxd4 Nf6 5.Nc3 a6 6.f3 e5 7.Nb3 Be6 8.Be3 Be7
9.Qd2 O-O 10.O-O-O a5 11.Qe1 Nc6 12.Nc5 Qc8 13.Nxe6 fxe6 14.a3 Ne8 15.Nb5 a4
16.Kb1 Rf7 17.Qc3 Qd7 18.Bc4 Nf6 19.Qd3 Na5 20.Ba2 Ne8 21.Rd2 Ra6 22.Rhd1 Qc8
23.Qc3 Qd7 24.Qxe5 d5 25.c4 Bf6 26.Qg3 Nb3 27.Bxb3 axb3 28.exd5 exd5 29.Rxd5 Qc6
30.Qg4 Ra4 31.Rc5 Qa6 32.Rd7 h5 33.Qe4 Rf8 34.Rxh5 Be7 35.Rxe7 Nf6 36.Bd4 Rxc4
37.Rxg7+ Kxg7 38.Qg4+  1-0

[Event "7th Open"]
[Site "Dubai UAE"]
[Date "2005.04.07"]
[Round "4"]
[White "Motylev,A"]
[Black "Guseinov,G"]
[Result "1-0"]
[WhiteElo "2680"]
[BlackElo "2573"]

1.e4 c5 2.Nf3 Nc6 3.d4 cxd4 4.Nxd4 g6 5.Nc3 Bg7 6.Be3 Nf6 7.Bc4 O-O 8.Bb3 e6
9.f4 d6 10.Qf3 Qe7 11.O-O e5 12.Nxc6 bxc6 13.fxe5 Qxe5 14.Bf4 Qc5+ 15.Kh1 Ng4
16.Na4 Qb4 17.c3 Qb8 18.Nc5 Ne5 19.Bxe5 Bxe5 20.Bxf7+ Kh8 21.Nd3 Bg7 22.Nf4 Qb7
23.Bxg6 Be5 24.Qe3 Qb6 25.Nh5 Be6 26.Rxf8+ Rxf8 27.Qh6  1-0

[Event "7th Open"]
[Site "Dubai UAE"]
[Date "2005.04.09"]
[Round "6"]
[White "Motylev,A"]
[Black "Gelashvili,T"]
[Result "1/2-1/2"]
[WhiteElo "2680"]
[BlackElo "2577"]

1.e4 c5 2.Nf3 d6 3.d4 cxd4 4.Nxd4 Nf6 5.Nc3 Nc6 6.Bg5 e6 7.Qd2 Be7 8.O-O-O Nxd4
9.Qxd4 a6 10.f4 b5 11.Be2 Bb7 12.Bf3 O-O 13.e5 Bxf3 14.exf6 gxf6 15.gxf3 fxg5
16.Ne4 d5 17.h4 Qc7 18.Nxg5 Qc4 19.Qe5 Rac8 20.c3 Qc7 21.Qd4 Qc4 22.Qe5 Qc7
23.Qd4 Qc4 24.Qe5  1/2-1/2

[Event "HB Global CC"]
[Site "Minneapolis USA"]
[Date "2005.05.18"]
[Round "1"]
[White "Shivaji,S1"]
[Black "Motylev,A"]
[Result "0-1"]
[WhiteElo "2268"]
[BlackElo "2680"]

1.e4 c5 2.Nf3 Nc6 3.d4 cxd4 4.Nxd4 Nf6 5.Nc3 d6 6.Bc4 Bd7 7.Bb3 g6 8.f3 Nxd4
9.Qxd4 Bg7 10.Be3 O-O 11.Qd2 b5 12.Bh6 Bxh6 13.Qxh6 b4 14.Nd5 e6 15.Ne3 a5
16.h4 a4 17.Bc4 d5 18.e5 dxc4 19.h5 Nxh5 20.g4 f6 21.gxh5 Be8 22.Rd1 Qc7
23.Rd6 c3 24.bxc3 fxe5 25.Rxe6 e4 26.hxg6 Qxc3+ 27.Kf2 Rxf3+  0-1

[Event "HB Global CC"]
[Site "Minneapolis USA"]
[Date "2005.05.19"]
[Round "2"]
[White "Motylev,A"]
[Black "Laylo,D"]
[Result "1-0"]
[WhiteElo "2680"]
[BlackElo "2344"]

1.e4 d5 2.exd5 Nf6 3.Nf3 Qxd5 4.Nc3 Qa5 5.d4 Bg4 6.h3 Bxf3 7.Qxf3 c6 8.Bd2 Nbd7
9.O-O-O e6 10.Bc4 Qc7 11.Rhe1 O-O-O 12.Bb3 Nb6 13.Ne2 c5 14.dxc5 Bxc5 15.Bg5 Qc6
16.Qxc6+ bxc6 17.f3 h6 18.Bd2 Rd7 19.Nf4 Rhd8 20.Nd3 Bd4 21.g4 c5 22.c4 Ne8
23.a4 Nd6 24.Ne5 Rc7 25.a5 Nd7 26.Nxd7 Rcxd7 27.Ba4 Rb7 28.b3 a6 29.Kc2 Rc7
30.Bf4 Re7 31.Bc6 Nb7 32.Bd2 Rc7 33.Be4 Nd6 34.Bf4 Rcd7 35.Rxd4 cxd4 36.Bd3 Rb7
37.Be5 Ne8 38.Be4 Ra7 39.b4 f6 40.Bg3 Nd6 41.Bd3 e5 42.c5 Nb5 43.f4 Re7 44.fxe5 fxe5
45.Rxe5 Rde8 46.Rxe7 Rxe7 47.Bf4 Kb7 48.Kb3 Na7 49.Kc4 Nc6 50.b5 axb5+ 51.Kxb5 Na7+
52.Kc4 Nc6 53.Kb5 Na7+ 54.Ka4 Kc6 55.Kb4 Kd5 56.a6 g5 57.Bc4+ Kc6 58.Bd6 Re1
59.Bb3 Rc1 60.Bb8 Nc8  1-0

[Event "HB Global CC"]
[Site "Minneapolis USA"]
[Date "2005.05.20"]
[Round "4"]
[White "Motylev,A"]
[Black "Hernandez,Alb"]
[Result "1-0"]
[WhiteElo "2680"]
[BlackElo "2323"]

1.e4 c5 2.Nf3 d6 3.d4 cxd4 4.Nxd4 Nf6 5.Nc3 g6 6.Be3 Bg7 7.f3 a6 8.Qd2 h5
9.O-O-O Nbd7 10.Bg5 Qc7 11.Bd3 b5 12.Rhe1 Bb7 13.Nd5 Bxd5 14.exd5 Ne5 15.f4 Nxd3+
16.Qxd3 O-O 17.f5 Nxd5 18.fxg6 Nb4 19.Qb3 Qc4 20.Bxe7 Rfc8 21.gxf7+ Kxf7
22.Bxd6 Qxb3 23.axb3 Nc6 24.Nf5 Bf6 25.Bg3 Rd8 26.Nd6+ Kg8 27.Re6 Bg5+ 28.Kb1 Ra7
29.h4 Be7 30.c4 Bf8 31.Rd5 Rg7 32.Nf5 Rf7 33.Nh6+ Bxh6 34.Rxd8+ Nxd8 35.Rxh6 Rf1+
36.Ka2  1-0

[Event "HB Global CC"]
[Site "Minneapolis USA"]
[Date "2005.05.20"]
[Round "5"]
[White "Friedel,J"]
[Black "Motylev,A"]
[Result "0-1"]
[WhiteElo "2425"]
[BlackElo "2680"]

1.e4 c5 2.Nf3 Nc6 3.Nc3 g6 4.d4 cxd4 5.Nxd4 Bg7 6.Be3 Nf6 7.Bc4 O-O 8.Bb3 d6
9.f3 Na5 10.Qd2 Nxb3 11.axb3 Re8 12.Ndb5 a6 13.Qf2 Bd7 14.Nd4 b5 15.O-O e5
16.Nde2 b4 17.Na4 d5 18.Bb6 Qb8 19.exd5 Nxd5 20.Rfd1 Bc6 21.Bc5 e4 22.fxe4 Rxe4
23.Nd4 Bb7 24.Re1 Nf6 25.Nf3 Rxe1+ 26.Qxe1 Bxf3 27.gxf3 Qb7 28.Kg2 Re8 29.Qd2 Ng4
30.Nb6 Qc7 31.Bg1 Rd8 32.Nd5 Nf6 33.Nxc7 Rxd2+ 34.Kf1 Rxc2 35.Nxa6 Rxb2 36.Nxb4 Rxb3
37.Ra8+ Bf8 38.Kg2 Rxb4 39.Rxf8+ Kxf8 40.Bc5+ Kg7 41.Bxb4 Nd5 42.Bd6 Kf6
43.Kg3 Ke6 44.Ba3 Kf5 45.Bb2 Nf4 46.Ba3 Nd3 47.Bf8 h5 48.Bd6 Ke6 49.Bc7 Kd5
50.Bb6 Ke5 51.Bc7+ Ke6 52.Ba5 Kf5 53.Bd2 Nf4 54.Be3 Ne6 55.Kf2 Ke5 56.Ke2 Nd4+
57.Kf2 Kd5 58.Bg5 f5 59.Ke3 Ne6 60.Bf6 f4+ 61.Kd3 Nc5+ 62.Kc3 Nd7 63.Bg5 Ke5
64.Kd3 Nc5+ 65.Kd2 Ne6 66.Bh6 g5 67.Kd3 Kf5  0-1

[Event "HB Global CC"]
[Site "Minneapolis USA"]
[Date "2005.05.21"]
[Round "6"]
[White "Motylev,A"]
[Black "Harikrishna,P"]
[Result "1/2-1/2"]
[WhiteElo "2680"]
[BlackElo "2646"]

1.e4 e5 2.Nf3 Nc6 3.Bb5 Nf6 4.Nc3 Bd6 5.d3 h6 6.a3 a6 7.Bc4 Bc5 8.Be3 d6
9.O-O O-O 10.h3 Bxe3 11.fxe3 Be6 12.Bxe6 fxe6 13.d4 exd4 14.exd4 e5 15.dxe5 Nxe5
16.Qd4 Ng6 17.Rad1 Kh8 18.e5 dxe5 19.Qc5 b6 20.Rxd8 bxc5 21.Rxa8 Rxa8 22.Re1 Nd7
23.Na4 Nb6 24.Nxc5 Nc4 25.a4 Nxb2 26.Nxe5 Nxe5 27.Rxe5 Rd8 28.Nxa6 Nxa4 29.Nxc7 Rd2
30.c4 Rc2 31.Re8+ Kh7 32.Re7 Rxc4 33.Ne8 Nc3 34.Rxg7+ Kh8 35.Rf7 Kg8 36.Rf6 Kh7
37.Rd6 Ne4 38.Re6 Ng3 39.Re7+ Kh8 40.Kf2 Nf5 41.Rf7 Rf4+ 42.Kg1 Re4 43.Rf8+ Kh7
44.g4 Nd4 45.Nf6+ Kg7 46.Nxe4 Kxf8 47.Kf2 Kg7 48.Ke3 Nc6 49.h4 h5  1/2-1/2

[Event "HB Global CC"]
[Site "Minneapolis USA"]
[Date "2005.05.21"]
[Round "7"]
[White "Wojtkiewicz,A"]
[Black "Motylev,A"]
[Result "1/2-1/2"]
[WhiteElo "2535"]
[BlackElo "2680"]

1.Nf3 Nf6 2.c4 g6 3.g3 Bg7 4.d4 O-O 5.Bg2 c5 6.O-O cxd4 7.Nxd4 d5 8.cxd5 Nxd5
9.Nc3 Nxc3 10.bxc3 Nd7 11.Rb1 Nb6 12.Ba3 Nc4 13.Qc1 Nxa3 14.Qxa3 Qc7 15.Nb5 Qe5
16.Nd4 Qc7 17.Nb5 Qe5 18.Nd4 Qc7  1/2-1/2

[Event "HB Global CC"]
[Site "Minneapolis USA"]
[Date "2005.05.22"]
[Round "8"]
[White "Motylev,A"]
[Black "Kudrin,S"]
[Result "1/2-1/2"]
[WhiteElo "2680"]
[BlackElo "2554"]

1.e4 c5 2.Nf3 Nc6 3.d4 cxd4 4.Nxd4 g6 5.Nc3 Bg7 6.Be3 Nf6 7.Bc4 O-O 8.Bb3 d6
9.f3 Bd7 10.Qd2 Nxd4 11.Bxd4 b5 12.h4 a5 13.a4 bxa4 14.Nxa4 Be6 15.Nb6 Ra6
16.Nd5 Bxd5 17.exd5 Qc7 18.Ra4 Rb8 19.Kf2 h5 20.Re1 Ne8 21.Bxg7 Kxg7 22.Rae4 a4
23.Qd4+ Nf6 24.Rxe7 Qb6 25.Qxb6 Raxb6 26.Bxa4 Rxb2 27.Kg3 Nxd5 28.Re8 Rxe8
29.Rxe8 Kf6 30.Bb3 Nc7 31.Rd8 Ke7 32.Rb8 Ne6 33.Rb7+ Kf8 34.Rd7 Ke8 35.Rxd6 Nc5
36.Rb6 Ke7 37.Kh3 Nxb3 38.cxb3 Rf2 39.b4 Rb2 40.g4 hxg4+ 41.fxg4 Rb3+ 42.Kg2 f5
43.h5 gxh5 44.gxf5 h4 45.b5 h3+ 46.Kh2 Rf3 47.Rb7+ Kd8 48.Rb8+ Kd7 49.Rb7+ Kd8
50.Rf7 Rb3 51.Rf8+ Kd7 52.Rf7+ Kd8 53.Rb7  1/2-1/2

[Event "6th EICC"]
[Site "Warsaw POL"]
[Date "2005.06.23"]
[Round "6"]
[White "Mastrovasilis,D"]
[Black "Motylev,A"]
[Result "1/2-1/2"]
[WhiteElo "2562"]
[BlackElo "2680"]

1.e4 e5 2.Nf3 Nc6 3.Bb5 a6 4.Ba4 Nf6 5.O-O Be7 6.d4 exd4 7.e5 Ne4 8.Nxd4 Nxd4
9.Qxd4 Nc5 10.Nc3 O-O 11.Nd5 d6  1/2-1/2

[Event "6th EICC"]
[Site "Warsaw POL"]
[Date "2005.06.25"]
[Round "7"]
[White "Motylev,A"]
[Black "Iljushin,A"]
[Result "1-0"]
[WhiteElo "2680"]
[BlackElo "2543"]

1.e4 e6 2.d4 d5 3.Nc3 Nf6 4.Bg5 dxe4 5.Nxe4 Be7 6.Bxf6 Bxf6 7.Nf3 Nd7 8.Qd2 O-O
9.O-O-O Be7 10.Bd3 b6 11.h4 Bb7 12.Qf4 Nf6 13.Nxf6+ Bxf6 14.Ng5 g6 15.Be4 Bxe4
16.Nxe4 Bg7 17.Kb1 Qe7 18.h5 Rad8 19.hxg6 fxg6 20.Qe3 Rf5 21.f4 h6 22.c3 Qf7
23.g3 Rfd5 24.Kc1 Qf5 25.Nf2 c5 26.dxc5 bxc5 27.Qe4 Qf7 28.Ng4 Qf5 29.Nf2 Qf7
30.Rhe1 e5 31.fxe5 Rxd1+ 32.Nxd1 Qd5 33.e6 Qg5+ 34.Re3 Bf6 35.Kc2 Be7 36.Nf2 c4
37.Nh3 Qb5 38.Qxg6+ Kh8 39.Qxh6+ Kg8 40.Qg6+ Kh8 41.Kc1 Qd5 42.Qh6+ Kg8 43.Qg6+ Kh8
44.Qh6+ Kg8 45.Re1 Qf5 46.Nf4 Bg5 47.e7 Re8 48.Qe6+ Qxe6 49.Rxe6 Kf7 50.Re4 Rxe7
51.Rxc4 Re3 52.Rc7+ Ke8 53.Kc2 Rxg3 54.Nd3 a5 55.a4 Bd8 56.Rb7 Rg2+ 57.Kb3 Rg5
58.Rb5 Kd7 59.Ne5+  1-0